Kalvária tunajších rodín cestovanie do minulosti

Bibliographic Details
Main Author: Brutovský, Ján (Author)
Format: Article
Language:Multiple languages
Slovak
Hungarian
PhysicalDescription:Fotogr.
ISSN:1338-022
Subjects:

MARC

LEADER 00000nab a2200000 a 4500
001 vtls010555744
005 20260427083651.0
008 131104c2013 xo qrzp 0 0mul
040 |a RVGKPD  |b slo  |c RVGKPD  |e AACR2 
041 1 |a mul  |a slo  |a hun 
044 |a xo  |c SK 
080 |a 94  |x (437.6)  |x "1947"  |2 1997 
080 |a 341.43  |x "1947"  |2 1997 
080 |a 314.745.23  |x "1947"  |2 1997 
100 1 |a Brutovský, Ján  |4 aut  |9 1016658 
245 1 0 |a Kalvária tunajších rodín  |b cestovanie do minulosti  |c Ján Brutovsky 
246 3 |a Történelmünk sötét foltja 
300 |b Fotogr. 
650 0 7 |a deportácie Maďarov  |2 rvgkpd  |9 353050 
651 7 |a Krásnohorské Podhradie (Slovensko)  |2 rvgkpd  |9 26876 
651 7 |a Rožňava (Slovensko : okres)  |2 rvgkpd  |9 19215 
773 0 |t Život pod hradom  |g Roč. VIII, č. 2 (2013), s. 8  |x 1338-022 
773 0 |t Váraljai hírmondó  |g Évf. VIII, sz. 2 (2013), o. 9  |x 1338-022 
852 |a RVGKPD 
999 |c 3327613  |d 3329543